Modification of polymers : Based on a symposium sponsored by the Division of Organic Coatings and Plastics [Chemistry] at the ACS/CSJ Chemical Congress, Honolulu, Hawaii, April 2-6, 1979 /

Guardado en:
Autores Corporativos: ACS/CSJ Chemical Congress Honolulu, Hawaii), American Chemical Society. Division of Organic Coatings and Plastics Chemistry.
Otros Autores: Carraher, Charles E., (Editor , ed.), Tsuda, Minoru, 1935-, (Editor , ed.)
Formato: Libro
Idioma:English
Publicado: Washington, D.C. : American Chemical Society (ACS), 1980.
Series:ACS symposium series ; 121.
Materias:
Etiquetas: Agregar Etiqueta
Sin Etiquetas, Sea el primero en etiquetar este registro!
LEADER 01195cam a22002655a 4500
001 EIQ.libpla000948
008 791204s1980####dcua#####b####101#0#eng#d
005 20060626193834.0
245 1 0 |a Modification of polymers :  |b Based on a symposium sponsored by the Division of Organic Coatings and Plastics [Chemistry] at the ACS/CSJ Chemical Congress, Honolulu, Hawaii, April 2-6, 1979 /  |c Charles E. Carraher, editor, Minoru Tsuda, editor. 
260 |a Washington, D.C. :  |b American Chemical Society (ACS),  |c 1980. 
300 |a xi, 500 p. :  |b il. ;  |c 23 cm. 
490 1 |a ACS symposium series, 121,  |x 0097-6156 
504 |a Incluye referencias bibliográficas e índice. 
020 |a 084120540X 
111 2 |a ACS/CSJ Chemical Congress  |d (1979 :  |c Honolulu, Hawaii) 
700 1 |a Carraher, Charles E.,  |e ed.  |4 edt 
700 1 |a Tsuda, Minoru,  |d 1935-,  |e ed.  |4 edt 
710 2 |a American Chemical Society.  |b Division of Organic Coatings and Plastics Chemistry. 
830 0 |a ACS symposium series ;  |v 121. 
082 0 0 |a 668.9  |2 19 
650 0 |a Polímeros  |x Congresos. 
650 0 |a Polymers  |x Congresses. 
010 |a  79028259  
040 |a DLC  |c DLC  |d AR-BbSID 
859 |a AR-BbSID  |b BIB. PLAPIQUI  |h 547.84  |i Am 35  |p 629